| 000 | 01542nam a2200229Ia 4500 | ||
|---|---|---|---|
| 003 | Ost | ||
| 005 | 20260507075158.0 | ||
| 008 | 260507s9999||||xx |||||||||||||| ||und|| | ||
| 040 | _cfsecg | ||
| 041 | _aara | ||
| 082 | _a330 | ||
| 100 |
_aالرفاعي، خليل _eمؤلف |
||
| 245 | 0 |
_aالمحاسبة الضريبية / _c خليل الرفاعي |
|
| 260 |
_aعمان: _bدار البداية, _c2009 |
||
| 300 |
_a273 صفحة؛ _bإيضاحات ؛ _c24 سم |
||
| 504 | _aمراجع ص.264 | ||
| 520 | _aمدخل الى المحاسبة الضريبية و أهداف النظام الضريبي الأردني ، تحليل الوعاء الضريبي ، الدخول الخاضعة للضريبة و الدخول المعفاه من ضريبة الدخل ، تنزيل نفقات العمل ، التنزيلات و الاعفاءات الشخصية و القانونية ، أسعار الضريبة ، مراحل تقدير ضريبة الدخل و المكلفون بتقديم كشف التقدير الذاتي ، التقدير في حالة التخلف عن تقديم كشف التقدير ، تحصيل ضريبة الدخل و الريادات ، الجرائم و العقوبات : غرامة تأخير تقديم كشف التقدير ، العقوبات و المخالفات ، حصيلة ضريبة الدخل ، تطبيقات عملية و أسئلة غير محلولة | ||
| 653 | _aالضرائب | ||
| 653 | _aالمحاسبة | ||
| 653 | _aالمحاسبة الضريبية | ||
| 942 | _cكتاب | ||
| 999 |
_c43383 _d43383 |
||